Taylor Swift - Tous les invités du Era's Tour - Statistiques

Statistiques générales
  • Ce quiz a été pris 212 fois
  • Le résultat moyen est 7 sur 15
Statistiques - réponses
Hint Réponse % Correct
Invités/ées Chanteuse Sabrina Carpenter
96%
Invités/ées Chanteuse Gracie Abrams
95%
Invités/ées Chanteur Ed Sheeran
79%
Invités/ées Chanteur - producteur Jack Antonoff
69%
Invités/ées Sportif Travis Kelce
68%
Invités/ées Rappeuse Ice Spice
65%
Invités/ées Acteur Taylor Lautner
56%
Invités/ées Musicien-producteur Aaron Dessner
43%
Invités/ées Actrice Joey King
38%
Invités/ées Chanteuse Hayley Williams
36%
Invités/ées Chanteuse Florence + The Machine
34%
Invités/ées Chanteuse Phoebe Bridgers
33%
Invités/ées Chanteuse Maren Morris
10%
Invités/ées Chanteur - musicien Marcus Mumford
7%
Invités/ées Chanteuse-actrice Presley Cash
7%
Aucun quiz correspondant
Distribution des résultats
% des personnes avec chaque résultat
Percentile par nombre de réponses
Votre historique - résultats
Vous n’avez pas pris ce quiz